000 00458nam a2200181 4500
003 LK-CoMWRAF
005 20230901034621.0
008 230901b1968 |||||||| |||| 00| 0 eng d
040 _aLK-CoMWRAF
_dLK-CoMWRAF
_eLK-CoMWRAF
041 _aeng
082 _a823
_bCHR
100 _aChristie, Agatha
245 _aBy the pricking of my thumbs
260 _aLondon
_bWm. collins,
_c1968
300 _a255p
650 _aScience Fiction - English
942 _cBK
999 _c3344
_d3344